003510000a2200085000450024501270000004100140012770000290014110000300017077300650020010aContribución al conocimiento de la biología reproductiva de Bombacopsis quinata (Jacq.) Dugand (Malvales: Bombacaceae)0 aEspañol1 aRodríguez Melo, Miguel1 aUrueña Lozano, Hernán1 tTrianeakActa Científica y Tecnológicah2q265-275d1988